Biggest Asian "B" Cities by Picture - Statistics

General Stats
  • This quiz has been taken 175 times
  • The average score is 9 of 16
Answer Stats
Picture Hint Answer % Correct
🇨🇳 18,960,000 Běijīng
99%
🇹🇭 5,670,000 Bangkok
94%
🇰🇷 3,180,000 Busan
86%
🇮🇶 6,720,000 Baghdād
85%
🇱🇧 1,650,000 Beirut
84%
🇦🇿 1,230,000 Baku
79%
🇮🇳 8,520,000 Bangalore
78%
🇰🇬 1,100,000 Bishkek
72%
🇮🇩 2,400,000 Bandung
61%
🇹🇷 2,050,000 Bursa
50%
🇮🇶 1,340,000 Basra
49%
🇮🇳 1,890,000 Bhopāl
38%
🇨🇳 2,100,000 Bāotóu
20%
🇨🇳 1,940,000 Bǎodìng
16%
🇮🇩 2,340,000 Bekasi
14%
🇨🇳 1,110,000 Bǎojī
11%
No matching quizzes found
Score Distribution
Percent of People with Each Score
Percentile by Number Answered
Your Score History
You have not taken this quiz